Jewish Geography Quiz - Statistics

General Stats
  • This quiz has been taken 29 times
    27 since last reset
  • The average score is 7 of 17
Answer Stats
Hint Answer % Correct
City of the Temple and capital of the Southern Kingdom of Judah. Jerusalem
96%
Land of the Exile in 586 BCE. Babylonia
67%
Egyptian city with an especially prominent Jewish diaspora in antiquity, home of the Hellenistic philosopher Philo. Alexandria
63%
Birthplace of Abraham according to the book of Genesis. Ur of the Chaldeans
63%
City with the largest Jewish population before the Holocuast. Warsaw
63%
Hometown of a certain Yeshua bar Miryam. Nazareth
46%
Historical hub of the Kabbalah, burial place of Shimon bar Yochai. Safed
38%
Country of the deadliest pogroms in history before the Holocaust. Ukraine (Khmelnytsky Rebellion)
38%
Center of Jewish learning during the Abbasid period (8th-13th centuries CE). Baghdad
33%
City in the Galilee where the Masoretic Text was finalized. Named after a Roman emperor. Tiberias
33%
Site of the doomed last stand of the First Jewish-Roman War. Masada
29%
Capital of the Northern Kingdom of Israel. Samaria
21%
Chinese city with a Persian Jewish diaspora community since the Song Dynasty. Kaifeng
17%
Caves where the Dead Sea Scrolls were discovered. Qumran
17%
The Samaritans' holy mountain and location of their Temple. Mount Gerizim
13%
Empire from which the Maccabees won their freedom. Seleucid Empire
13%
City where Shabtai Zvi converted to Islam, to the dismay of hundreds of thousands of followers. Constantinople
8%
No matching quizzes found
Score Distribution
Percent of People with Each Score
Percentile by Number Answered
Your Score History
You have not taken this quiz since the last reset